00923nam a2200217Ii 450000100060000000300090000600800410001504000330005604100080008908200130009710000440011024500910015426401570024530000120040233600260041433700280044033800270046894000520049599900170054795201410056419834CO-ViMGA241108s9999||||xx |||||||||||||| ||und|| aCO-ViMGAbspaerdacCO-ViMGA0 aspa04a306 C41c1 aCarlos Enrique Pachón García94543210aLas colonias y la diversidad cultural en Villavicencio :baproximación sociocultural 1aBogotá, Colombia : Alcaldía de Villavicencio : CORCUMVI. Corporación Cultural Municipal de Villavicencio, [Fecha de publicación no identificada] avolumen atextbtxt2rdacontent aunmediatedbn2rdamedia avolumebnc2rdacarrier aidficha_siabuc: 19490. -- ficha_no_siabuc:19834 c39956d39956 001040708FPatrimaMEVIGERRbMEVIGERRcLOCALd2017-06-01o306 C41cpECA25766r2024-11-25 15:07:28tEj.1w2024-11-25yBKz19490 | 24879